000 00797nam a2200181 a 4500
001 BRCA_2094
005 20190320203651.0
008 110808s1990----mx-#---###---#000-0#spa-#
050 4 _aF1391.P8
_b.L43 36
_c1990
245 1 0 _aVillancicos que se cantaron en la Sancta Iglesia Catedral de la Ciudad de los Angeles, en los Maytines y fiesta de la Natividad de Jesucristo, Señor Nuestro, este año de 1680.
260 _aPuebla, México
_bGobierno del Estado de Puebla : Secretaría de Cultura : Comisión Puebla V Centenario
_c1990
300 _a36 p.
_c21 cm.
440 0 _aLecturas Históricas de Puebla
_n36
_96360
651 4 _aPuebla (México)
_xHistoria
_9409
651 4 _aPuebla (México)
_xVida social y costumbres
_9408
651 4 _aPuebla (México)
_xVillancicos
_y1680
_96361
942 _2lcc
_cB
999 _c1851
_d1851